00325nam a2200121Ia 4500008004100000041000800041082001400049100001500063245004400078260004000122300003000162365001100192240624s9999 xx 000 0 und d aeng a174.4 MOO aMOON CHRIS aBUSINESS ETHICS FACING UP TO THE ISSUES c2006aNew DelhibProfile Books Ltd. axi, : 206 : p. : cm. ; 21 cRSb32